<?xml version="1.0" encoding="UTF-8"?><?xml-stylesheet type="text/xsl" href="static/style.xsl"?><OAI-PMH xmlns="http://www.openarchives.org/OAI/2.0/" xmlns:xsi="http://www.w3.org/2001/XMLSchema-instance" xsi:schemaLocation="http://www.openarchives.org/OAI/2.0/ http://www.openarchives.org/OAI/2.0/OAI-PMH.xsd"><responseDate>2026-06-04T06:30:16Z</responseDate><request verb="GetRecord" identifier="oai:recam.amb.cat:20.500.14439/2067" metadataPrefix="marc">https://recam.amb.cat/rest/oai/request</request><GetRecord><record><header><identifier>oai:recam.amb.cat:20.500.14439/2067</identifier><datestamp>2024-12-08T18:12:55Z</datestamp><setSpec>com_20.500.14439_113</setSpec><setSpec>col_20.500.14439_114</setSpec></header><metadata><record xmlns="http://www.loc.gov/MARC21/slim" xmlns:dcterms="http://purl.org/dc/terms/" xmlns:xsi="http://www.w3.org/2001/XMLSchema-instance" xmlns:doc="http://www.lyncode.com/xoai" xsi:schemaLocation="http://www.loc.gov/MARC21/slim http://www.loc.gov/standards/marcxml/schema/MARC21slim.xsd">
   <leader>00925njm 22002777a 4500</leader>
   <datafield ind2=" " ind1=" " tag="042">
      <subfield code="a">dc</subfield>
   </datafield>
   <datafield ind2=" " ind1=" " tag="720">
      <subfield code="a">Autoritats Metropolitanes Europees</subfield>
      <subfield code="e">author</subfield>
   </datafield>
   <datafield ind2=" " ind1=" " tag="260">
      <subfield code="c">2015-03-01</subfield>
   </datafield>
   <datafield ind2=" " ind1=" " tag="520">
      <subfield code="a">Aquesta publicació recull els resultats del fòrum European Metropolitan Authorites (EMA) que va tenir lloc a Barcelona el 13 de març del 2015, organitzat per l'Àrea Metropolitana de Barcelona, i que va comptar amb la participació d'alcaldes, presidents i representants polítics de quinze metròpolis de deu països de la Unió Europea. L'objectiu de la jornada era debatre sobre els reptes de futur de la governança de les metròpolis europees i definir les bases d'una relació de partenariat entre elles, a partir d'un manifest polític adoptat pels participants –que s'inclou en la publicació– per poder ser més influents davant dels estats i de la Unió Europea.</subfield>
   </datafield>
   <datafield ind1="8" ind2=" " tag="024">
      <subfield code="a">https://hdl.handle.net/20.500.14439/2067</subfield>
   </datafield>
   <datafield ind1="8" ind2=" " tag="024">
      <subfield code="a">2238507</subfield>
   </datafield>
   <datafield tag="653" ind2=" " ind1=" ">
      <subfield code="a">Àrees metropolitanes</subfield>
   </datafield>
   <datafield ind2="0" ind1="0" tag="245">
      <subfield code="a">Conclusions del seminari sobre cometitivitat territorial i cohesió social de les metròpolis europees</subfield>
   </datafield>
</record></metadata></record></GetRecord></OAI-PMH>